你還沒有愛過
| 資料類型: | 圖書 | 書目號: | 25244 |
Leader xxxxxxxxxx 001 __ PCLIS00025244 005 __ 20230215120137.0 010 0_ |b平裝|dNT$75 100 __ |a20001006d1983 m y0chiy09 e 101 0_ |achi 102 __ |atw 105 __ |ay z 000cy 200 1_ |a你還沒有愛過|f張曉風著 205 __ |a十一版 210 __ |a臺北市|c大地|d民72[1983] 215 0_ |a239面|d19公分 225 1_ |a萬卷文庫|v91 681 __ |a855|b8765 681 __ |a855|b8720 88 V91C1 681 __ |a855|b8720 88 V91 700 _1 |a張|b曉風|f1941- |4著 801 _0 |atw|b內湖高中|c20010622|gCCR |